Service management : strategy and leadership in service business

Αποθηκεύτηκε σε:
Λεπτομέρειες βιβλιογραφικής εγγραφής
Κύριος συγγραφέας: Normann, Richard 1943-
Μορφή: Βιβλίο
Γλώσσα:English
Δημοσίευση: Chichester ; New York : Wiley, c2000
Έκδοση:3rd ed.
Θέματα:
Ετικέτες: Προσθήκη ετικέτας
Δεν υπάρχουν, Καταχωρήστε ετικέτα πρώτοι!

MARC

LEADER 00000nam a2200000 i 4500
001 1/19192
008 010404s2000 eng d
020 |a 0-471-49439-9 
035 |l 10066764 
040 |a GR-MY-UA  |b gre  |e aacr 
041 0 |a eng 
082 0 |a 658 
100 1 |a Normann, Richard  |d 1943- 
245 1 0 |a Service management :  |b strategy and leadership in service business /  |c Richard Normann 
250 |a 3rd ed. 
260 |a Chichester ; New York :   |b Wiley,   |c c2000 
300 |a xiii, 234 p.;  |c 23 cm. 
504 |a Includes bibliographical references and index 
650 0 0 |a Service industries  |x Management. 
852 |a INST  |b SAMOS  |e 20010404  |h 658 NOR  |p 005300021158  |q 005300021158  |t BK  |y 23 
852 |a INST  |b SAMOS  |e 20010404  |h 658 NOR  |p 005300021159  |q 005300021159  |t BK  |y 0 
852 |a INST  |b SAMOS  |e 20010404  |h 658 NOR  |p 005300021160  |q 005300021160  |t BK  |y 0 
901 |a BIBL3-2001-1 
909 |a Σ  |b 086289 
909 |a Σ  |b 086288 
909 |a Σ  |b 086286 
922 |a 3ΕΛΗ  |b 20000831  |c ΤΠΕΣ/ΠΟΛ2  |d LEADER 
970 |a ΜΑΛΑΓΑΡΗ  |b ΦΩΤΕΙΝΗ  |z 2001/04/04